Historia 1; guía de aprendizaje y evaluación /

Guardado en:
Autor Principal: Venturini, Martha María
Formato: Libro
Publicado: Buenos Aires : Kapelusz, 1987
Etiquetas: Agregar Etiqueta
Sin Etiquetas, Sea el primero en etiquetar este registro!
LEADER 00429nam a22001455a 4500
001 CEM.cems006521
005 20060214000000.0
008 130507s1987##################000#0#####d
003 CEMS
082 0 4 |a 930.7 
100 1 |a Venturini, Martha María 
245 1 0 |a Historia 1; guía de aprendizaje y evaluación / 
260 |a Buenos Aires :  |b Kapelusz,  |c 1987 
300 |a 1281 p. 
859 |a CEMS  |b BIB. CEMS - 11 de abril  |h 930.7  |i V568/I  |p 14826.87  |t Ej.1